Weiße Symbole auf Länderflaggen - Statistiken

Allgemein
  • Dieses Quiz wurde 39 mal gespielt
  • Das Durchschnittsergebnis liegt bei 13 aus 29
Antwortstatistiken
Bildquiz Antwort % Korrekt
Bhutan
89%
Schweiz
78%
Saudi Arabien
76%
Australien
73%
Türkei
73%
USA
70%
Afghanistan
65%
Pakistan
59%
Venezuela
59%
Mikronesien
51%
Usbekistan
51%
Nepal
46%
Singapur
46%
Aserbaidschan
43%
Myanmar
41%
Nauru
41%
Malediven
38%
Laos
35%
Marshallinseln
35%
Samoa
35%
Somalia
35%
St. Kitts und Nevis
35%
Oman
30%
Jordanien
27%
Salomonen
27%
Turkmenistan
27%
Kuba
14%
Liberia
14%
Osttimor
11%
Keine übereinstimmenden Quizze gefunden
Verteilung der Resultate
Anzahl Personen mit jedem Resultat
Perzentil nach korrekt beantworteten Fragen
Ihre Resultats-Entwicklung
Sie haben dieses Quiz noch nicht gespielt